Rivers on U.S. State Borders - Statistics

General Stats
  • This quiz has been taken 29 times
  • The average score is 8 of 12
Answer Stats
Hint Answer % Correct
Missouri, Illinois Mississippi River
96%
Indiana, Kentucky Ohio River
91%
California, Arizona Colorado River
87%
Nebraska, Iowa Missouri River
83%
Idaho, Oregon Snake River
83%
Virginia, Maryland Potomac River
78%
Texas, Oklahoma Red River
78%
Washington, Oregon Columbia River
74%
Pennsylvania, New York Delaware River
48%
New Hampshire, Vermont Connecticut River
30%
Texas, Louisiana Sabine River
26%
South Carolina, Georgia Savannah River
17%
No matching quizzes found
Score Distribution
Percent of People with Each Score
Percentile by Number Answered
Your Score History
You have not taken this quiz